Вып. 174 : Анализ структурных закономерностей; Вычислительные системы

Dades bibliogràfiques
Parent link:Вычислительные системы: сборник научных трудов/ Российская академия наук; Институт математики им. С. Л. Соболева. Вып. 174 : Анализ структурных закономерностей.— : [Б. и.], 1964-2008
Autor corporatiu: Институт математики им. С. Л. Соболева
Altres autors: Загоруйко Н. Г. (редактор)
Sumari:В сборнике представлены работы по интеллектуальному анализу данных различной природы. Ряд работ связан с методами автоматической классификации и выбору подсистем информативных признаков. Эффективность методов анализа одномерных последовательностей иллюстрируется их применением в задачах обнаружения закономерностей в музыкальных текстах. Новые постановки задач оптимизации используются для совершенствования процессов управления бизнес процессами. Материалы сборника могут быть полезными научным работникам, аспирантам и студентам, специализирующимся в области искусственного интеллекта, распознавания образов и оптимального управления.
Idioma:rus
Publicat: 2005
Matèries:
Format: MixedMaterials Llibre
KOHA link:https://koha.lib.tpu.ru/cgi-bin/koha/opac-detail.pl?biblionumber=101881

MARC

LEADER 00000nam2a2200000 4500
001 101881
005 20231101214408.0
035 |a (RuTPU)RU\TPU\book\109867 
090 |a 101881 
100 |a 20060918d2005 k y0rusy50 ca 
101 0 |a rus 
102 |a RU 
105 |a a z 001zy 
200 0 |a Вып. 174 : Анализ структурных закономерностей 
210 |d 2005 
215 |a 178 с.  |c ил. 
320 |a Библиография в конце докладов 
330 |a В сборнике представлены работы по интеллектуальному анализу данных различной природы. Ряд работ связан с методами автоматической классификации и выбору подсистем информативных признаков. Эффективность методов анализа одномерных последовательностей иллюстрируется их применением в задачах обнаружения закономерностей в музыкальных текстах. Новые постановки задач оптимизации используются для совершенствования процессов управления бизнес процессами. Материалы сборника могут быть полезными научным работникам, аспирантам и студентам, специализирующимся в области искусственного интеллекта, распознавания образов и оптимального управления. 
461 1 |0 (RuTPU)RU\TPU\book\41273  |t Вычислительные системы  |o сборник научных трудов  |f Российская академия наук; Институт математики им. С. Л. Соболева  |v Вып. 174 : Анализ структурных закономерностей  |n [Б. и.]  |d 1964-2008 
606 1 |a Математическая кибернетика  |2 stltpush  |3 (RuTPU)RU\TPU\subj\41203  |9 61011 
610 1 |a вычислительная математика 
610 1 |a структурные закономерности 
610 1 |a анализ 
610 1 |a данные 
610 1 |a алгоритмы 
610 1 |a песнопения 
610 1 |a тексты 
610 1 |a тандемно повторяющиеся отрезки 
610 1 |a генные сети 
610 1 |a структура 
610 1 |a слова 
610 1 |a морфологический анализ 
610 1 |a естественные классификации 
610 1 |a систематика 
610 1 |a функциональные системы 
610 1 |a мозг 
610 1 |a бизнес-процессы 
610 1 |a сетевые графики 
610 1 |a экономико-математический анализ 
675 |a 519.7  |v 4 
702 1 |a Загоруйко  |b Н. Г.  |4 340 
712 0 2 |a Институт математики им. С. Л. Соболева  |2 stltpush  |3 (RuTPU)RU\TPU\col\43 
801 1 |a RU  |b 63413507  |c 20060918  |g PSBO 
801 2 |a RU  |b 63413507  |c 20170207  |g PSBO 
942 |c BK